The Weeknd Call out my name lyrics - Statistiques

Statistiques générales
  • Ce quiz a été pris 166 fois
  • Le résultat moyen est 222 sur 301
Statistiques - réponses
Hint Réponse % Correct
Refrain call
98%
I
98%
i
98%
my
98%
name
97%
out
97%
you
97%
a
94%
so
92%
to
92%
when
90%
me
88%
on
88%
we
85%
for
83%
of
83%
stay
82%
top
82%
want
82%
put
81%
other
80%
each
79%
was
77%
but
76%
found
76%
time
76%
broken
74%
gently
74%
kiss
74%
and
69%
fall
69%
gave
69%
mistake
69%
close
68%
made
67%
falling
66%
place
66%
piece
65%
were
64%
baby
63%
cut
63%
your
63%
lied
62%
life
62%
myself
62%
proud
61%
rough
61%
almost
60%
times
60%
comfort
59%
said
59%
be
58%
just
57%
can't
56%
feel
56%
nothing
56%
why
55%
claimed
54%
don't
54%
didn't
53%
girl
53%
mind
53%
openly
53%
sure
53%
wait
52%
'til
51%
held
50%
another
49%
love
47%
up
46%
pit
44%
stop
44%
way
43%
even
40%
helped
39%
i'll
37%
though
36%
babe
34%
won't
25%
the
23%
had
21%
waisted
14%
all
11%
loving
11%
ooh
4%
four
2%
guss
1%
thimes
0%
Aucun quiz correspondant
Distribution des résultats
% des personnes avec chaque résultat
Percentile par nombre de réponses
Votre historique - résultats
Vous n’avez pas pris ce quiz